000 00350pam a2200157a 44500
008 230515b2003 xxu||||| |||| 00| 0 eng d
020 _a0
041 _aENGL
082 _a615.2/KHA
100 _aKHANNA
245 _aPRINCIPLES OF DENTAL PHARMACOLOGY
250 _a2ND
260 _aNEW DELHI
_bCBS PUB
_c2003
300 _a312
650 _aN.D.
999 _c557379
_d557379